• AIU
  • Tony Wilmot Memorial Library

Seeing through language : (Record no. 37417)

MARC details
000 -LEADER
fixed length control field 00643nam a22002171a 4500
003 - CONTROL NUMBER IDENTIFIER
control field NEGST
005 - DATE AND TIME OF LATEST TRANSACTION
control field 20131018020003.0
008 - FIXED-LENGTH DATA ELEMENTS--GENERAL INFORMATION
fixed length control field 030618s1990 001 0 eng d
020 ## - INTERNATIONAL STANDARD BOOK NUMBER
International Standard Book Number 0631151354
100 1# - MAIN ENTRY--PERSONAL NAME
Personal name Carter, Ronald.
245 10 - TITLE STATEMENT
Title Seeing through language :
Remainder of title a guide to styles of English writing /
Statement of responsibility, etc Ronald Carter and Walter Nash.
Medium [Text]
260 ## - PUBLICATION, DISTRIBUTION, ETC. (IMPRINT)
Place of publication, distribution, etc Oxford, UK
Name of publisher, distributor, etc Blackwell
Date of publication, distribution, etc c1990
300 ## - PHYSICAL DESCRIPTION
Extent x, 267p.
440 #4 - SERIES STATEMENT/ADDED ENTRY--TITLE
Title The language library
500 ## - GENERAL NOTE
General note Includes bibliography and index.
590 ## - LOCAL NOTE (RLIN)
Local note Accession number: 20446
650 #0 - SUBJECT ADDED ENTRY--TOPICAL TERM
Topical term or geographic name as entry element English language
General subdivision Style.
700 1# - ADDED ENTRY--PERSONAL NAME
Personal name Nash, Walter.
942 00 - ADDED ENTRY ELEMENTS (KOHA)
Koha issues (borrowed), all copies 1
Holdings
Withdrawn status Lost status Source of classification or shelving scheme Damaged status Not for loan Collection code Home library Current library Shelving location Date acquired Source of acquisition Cost, normal purchase price Total Checkouts Full call number Barcode Date last seen Date checked out Copy number Price effective from Koha item type
    Library of Congress Classification     General Circulation AIU/NEGST - Tony Wilmot Memorial Library AIU/NEGST - Tony Wilmot Memorial Library General Stacks 11/19/2009 P - Marston Book Services Ltd. 20.00 1 PE 1421.N37 1990 R07953L3232 09/26/2019 10/17/2013 1 11/19/2009 Books